Central Library OPAC University of Rajshahi

রবীন্দ্র নাট্য-পরিক্রমা / (Record no. 48631)

MARC details
000 -LEADER
fixed length control field 00927nam a2200217 a 4500
001 - CONTROL NUMBER
control field 48631
003 - CONTROL NUMBER IDENTIFIER
rucl marc code BD-RjUL
005 - DATE AND TIME OF LATEST TRANSACTION
control field 20211209054545.0
008 - FIXED-LENGTH DATA ELEMENTS--GENERAL INFORMATION
fixed length control field 160814s1959 ii |||| ||| 000 0 ben d
035 ## - SYSTEM CONTROL NUMBER
System control number (BD-RjUL)48750
040 ## - CATALOGING SOURCE
Original cataloging agency BD-RjUL
Language of cataloging ben
Transcribing agency BD-RjUL
Modifying agency BD-RjUL
041 ## - LANGUAGE CODE
Language code of text/sound track or separate title ben
082 ## - DEWEY DECIMAL CLASSIFICATION NUMBER
Edition number 23
Classification number 891.44209
Author mark and year BHR 1959
100 1# - MAIN ENTRY--PERSONAL NAME
Personal name ভট্টাচার্য, উপেন্দ্রনাথ
9 (RLIN) 146863
245 10 - TITLE STATEMENT
Title রবীন্দ্র নাট্য-পরিক্রমা /
Statement of responsibility, etc. উপেন্দ্রনাথ ভট্টাচার্য
260 ## - PUBLICATION, DISTRIBUTION, ETC. (IMPRINT)
Place of publication, distribution, etc. কলিকাতা :
Name of publisher, distributor, etc. ওরিয়েন্ট বুক কোং,
Date of publication, distribution, etc. ১৯৫৯ [১৩৬৬]
300 ## - PHYSICAL DESCRIPTION
Pagination [৬] ৫৮৭ পৃ. ;
Accompanying material ২১ সেমি.
650 ## - SUBJECT ADDED ENTRY--TOPICAL TERM
Topical term or geographic name as entry element বাংলা নাটক
General subdivision ইতিহাস ও সমালোচনা
9 (RLIN) 123674
Topical term or geographic name as entry element Bengali Drama
General subdivision History and criticism
9 (RLIN) 122764
942 ## - ADDED ENTRY ELEMENTS (KOHA)
Source of classification or shelving scheme Dewey Decimal Classification
Koha item type Books
Holdings
Lost status Source of classification or shelving scheme Damaged status Not for loan Collection code Permanent Location Current Location Shelving location Date acquired Cost, normal purchase price Total Checkouts Full call number Date last seen Date checked out Copy number Koha item type Source of acquisition
  Dewey Decimal Classification     Non-fiction Central Library, University of Rajshahi Central Library, University of Rajshahi   11/11/1964 3.50 6 B 891.44209 BHR 1959 07/04/2026 02/04/2026 C-2 Books  
  Dewey Decimal Classification   Not For Loan Non-fiction Central Library, University of Rajshahi Central Library, University of Rajshahi Reading Room 11/11/1964 3.50   B 891.44209 BHR 1959 14/02/2017   C-1 Books Ideal Library, Dkaka
  Dewey Decimal Classification     Non-fiction Central Library, University of Rajshahi Central Library, University of Rajshahi   11/11/1964 3.50 1 B 891.44209 BHR 1959 08/08/2022 04/08/2022 C-3 Books